Catálogo de la Biblioteca Horacio González - Universidad Nacional de General Sarmiento

Cuentame tu vida = Spellbound (Registro nro. 54930)

Detalles MARC
000 -CABECERA
campo de control de longitud fija 01281ngm a22002890a 4500
001 - NÚMERO DE CONTROL
campo de control PT36017
003 - IDENTIFICADOR DEL NÚMERO DE CONTROL
campo de control AR-LpoUNG
005 - FECHA Y HORA DE LA ÚLTIMA TRANSACCIÓN
campo de control 20210202000459.0
007 - CAMPO FIJO DE DESCRIPCIÓN FÍSICA--INFORMACIÓN GENERAL
campo de control de longitud fija vd cvaizq
008 - DATOS DE LONGITUD FIJA--INFORMACIÓN GENERAL
campo de control de longitud fija 191001suuuu||||ag |||||||||||||||||eng d
040 ## - FUENTE DE LA CATALOGACIÓN
Centro catalogador/agencia de origen AR-LpoUNG
Lengua de catalogación spa
Centro/agencia transcriptor AR-LpoUNG
Normas de descripción aacr
041 ## - CÓDIGO DE LENGUA
Código de lengua del texto/banda sonora o título independiente eng
044 ## - CÓDIGO DEL PAÍS DE LA ENTIDAD EDITORA/PRODUCTORA
Código MARC del país ag
082 0# - NÚMERO DE LA CLASIFICACIÓN DECIMAL DEWEY
Número de clasificación 154 674cue
100 1# - ENTRADA PRINCIPAL--NOMBRE DE PERSONA
Nombre de persona Hitchcock, Alfred
Término indicativo de función/relación dir.
245 10 - MENCIÓN DE TÍTULO
Título Cuentame tu vida = Spellbound
260 ## - PUBLICACIÓN, DISTRIBUCIÓN, ETC.
Lugar de publicación, distribución, etc. Buenos Aires :
Nombre del editor, distribuidor, etc. Renacimiento,
Fecha de publicación, distribución, etc. 1945.
300 ## - DESCRIPCIÓN FÍSICA
Extensión VHS (111 min.) : son., byn
505 0# - NOTA DE CONTENIDO CON FORMATO
Nota de contenido con formato Subtítulos en castellano. - Créditos: Guión, Ben Hecht; fotografía, George Barnes; música, Miklos Rozsa; montaje, William Ziegler y Hal C. Kern; dirección artística, James Basevi y John Ewing; diseño, Salvador Dalí. - Elenco: Ingrid Bergman, Gregory Peck, Jran Acker, Donald Curtis.
520 ## - SUMARIO, ETC.
Sumario, etc. A un sanatorio llega el doctor Edwards a ocupar el cargo principal que ha quedado vacante. Sin embargo, la doctora Constance Peterson descubre rápidamente que él no sólo es un impostor, sino que de hecho es un paciente siquiátrico y un posible asesino. Lo que no impide que ella comience a enamorarse de él.
650 #4 - PUNTO DE ACCESO ADICIONAL DE MATERIA--TÉRMINO DE MATERIA
Término de materia o nombre geográfico como elemento de entrada DRAMA
653 ## - TÉRMINO DE INDIZACIÓN--NO CONTROLADO
Término no controlado CINE CLASICO
653 ## - TÉRMINO DE INDIZACIÓN--NO CONTROLADO
Término no controlado SUSPENSO
653 ## - TÉRMINO DE INDIZACIÓN--NO CONTROLADO
Término no controlado VIDEOS
905 ## - ELEMENTOS DE DATOS E LOCAL, LDE (RLIN)
a 36017
942 ## - ELEMENTOS DE PUNTO DE ACCESO ADICIONAL (KOHA)
Tipo de ítem Koha Video
Existencias
Estado de retiro Estado de pérdida Estado dañado No para préstamo Código de colección Localización permanente Ubicación/localización actual Fecha de adquisición Total de préstamos Signatura topográfica completa Código de barras Fecha visto por última vez Precio válido a partir de Tipo de ítem Koha
        Colección Cine Biblioteca Universidad Nacional de General Sarmiento Biblioteca Universidad Nacional de General Sarmiento 02/02/2021   154 674cue 00043065 02/02/2021 02/02/2021 Video